Air Traffic Control Centers of the United States - Statistics

General Stats
  • This quiz has been taken 460 times
  • The average score is 18 of 22
Answers on the Map
Answers color-coded by a green-red scale on the quiz's map according to % correct below.
 
Answer Stats
ARTCC % Correct
New York City
97%
Los Angeles
95%
Seattle
94%
Chicago
93%
Miami
93%
Houston
92%
Boston
90%
Honolulu
90%
Atlanta
88%
Denver
86%
Anchorage
85%
Minneapolis
84%
Washington
82%
Cleveland
78%
Salt Lake City
77%
Albuquerque
73%
Kansas City
73%
Memphis
69%
Indianapolis
63%
Jacksonville
62%
Oakland
54%
Fort Worth
51%
No matching quizzes found
Score Distribution
Percent of People with Each Score
Percentile by Number Answered
Your Score History
You have not taken this quiz